[Event "TCh-ROU w 2013"]
[Site "Mamaia ROU"]
[Date "2013.08.31"]
[Round "1.4"]
[White "Padurariu,I"]
[Black "Morea,G"]
[Result "1-0"]
[WhiteElo "2205"]
[BlackElo "1881"]

1.e4 c5 2.Nf3 e6 3.d4 cxd4 4.Nxd4 Nc6 5.Nc3 Qc7 6.Be3 Nf6 7.Be2 a6 8.O-O Be7
9.Nxc6 bxc6 10.Bf3 Rb8 11.b3 O-O 12.Bc1 d5 13.Bb2 Rd8 14.Qe2 d4 15.Nb1 e5
16.Rd1 c5 17.Nd2 a5 18.a4 Be6 19.Ba3 Bf8 20.Qe1 Nd7 21.Be2 Nb6 22.Rdc1 Ra8
23.c4 Be7 24.Rd1 Nd7 25.Nf3 Nb8 26.Qd2 h6 27.Ne1 Na6 28.Nd3 Rab8 29.Rab1 Bg5
30.Qc2 f5 31.Bf3 f4 32.Qe2 Bf7 33.h3 Rb7 34.Kh2 Rdb8 35.Qc2 Be7 36.Rb2 Bd6
37.Rdb1 Qe7 38.Qd2 Qd8 39.Kh1 Bg6 40.Kh2 Kh8 41.Qe1 Bf7 42.Qd2 Bg6 43.Qe1 Qc7
44.Bg4 Bf7 45.Qd2 Qd8 46.Qe1 Qc7 47.Qd2 Kg8 48.Qe1 Qd8 49.Qd2 g6 50.Qe1 Kg7
51.Qd1 Qe7 52.g3 h5 53.Bf3 fxg3+ 54.fxg3 Be6 55.Qd2 Qd8 56.Bg2 Bf7 57.h4 Be6
58.Bh3 Bxh3 59.Kxh3 Qd7+ 60.Kg2 Qg4 61.Nf2 Qc8 62.Nd3 Qd8 63.Qd1 Qc7 64.Rf2 Qc6
65.Re2 Rb6 66.Bc1 Qb7 67.Qd2 Rh8 68.Qxa5 Nb4 69.Nxc5 Bxc5 70.Qxc5 Nd3 71.Qd5 Nxc1
72.Qxe5+ Kh7 73.Rxc1 Rf8 74.Qxd4 Rxb3  1-0

[Event "21st Honor to National Resistance"]
[Site "Nikaia GRE"]
[Date "2013.08.31"]
[Round "6.2"]
[White "Kapnisis,S"]
[Black "Kourkoulos Arditis,Stamatis"]
[Result "1-0"]
[WhiteElo "2463"]
[BlackElo "2277"]

1.e4 c5 2.Nf3 e6 3.d4 cxd4 4.Nxd4 Nc6 5.Nc3 Qc7 6.Be3 a6 7.Qd2 Nf6 8.O-O-O Be7
9.f3 h5 10.Nxc6 bxc6 11.Bf4 e5 12.Bg5 Rb8 13.Bc4 O-O 14.Bb3 a5 15.g4 hxg4
16.fxg4 Qd8 17.Rhg1 Ne8 18.Be3 Bb4 19.a3 Bxc3 20.Qxc3 Nf6 21.g5 Nxe4 22.Qxe5 Rxb3
23.Bd4  1-0

[Event "21st Honor to National Resistance"]
[Site "Nikaia GRE"]
[Date "2013.08.31"]
[Round "7.2"]
[White "Kapnisis,S"]
[Black "Poulopoulos,I"]
[Result "1-0"]
[WhiteElo "2463"]
[BlackElo "2079"]

1.e4 c5 2.Nf3 e6 3.d4 cxd4 4.Nxd4 Nc6 5.Nc3 Qc7 6.Be2 a6 7.O-O Nf6 8.Be3 Bb4
9.Na4 O-O 10.Nxc6 bxc6 11.f4 e5 12.fxe5 Qxe5 13.Bd4 Qxe4 14.Bxf6 gxf6 15.Bd3 Qe3+
16.Kh1 d5 17.Qh5 h6 18.Rf3 Qd2 19.Rg3+ Kh8 20.Nb6 Be6 21.Rd1 Qf4 22.Rf1 Qd2
23.Rxf6 Qc1+ 24.Rf1 Qd2 25.Qe5+  1-0

[Event "13th Zug Young Masters"]
[Site "Zug SUI"]
[Date "2013.08.31"]
[Round "5.1"]
[White "Fedorchuk,S"]
[Black "Kurmann,O"]
[Result "1-0"]
[WhiteElo "2669"]
[BlackElo "2421"]

1.e4 c5 2.Nf3 e6 3.d4 cxd4 4.Nxd4 Nc6 5.Nc3 a6 6.Be2 d6 7.Be3 Nf6 8.O-O Be7
9.f4 O-O 10.Kh1 Bd7 11.Nb3 b5 12.a3 Qc7 13.Bf3 Rab8 14.g4 Bc8 15.Bg2 Re8
16.g5 Nd7 17.Rf3 Bf8 18.Rh3 g6 19.Qd2 Bg7 20.Rf1 a5 21.Qf2 b4 22.axb4 axb4
23.Nd1 Ba6 24.Re1 Ne7 25.Bc1 f5 26.gxf6 Nxf6 27.Nd4 Qc4 28.b3 Ng4 29.Qh4 Qxd4
30.Qxg4 Qf6 31.Bb2 Qf7 32.Bxg7 Kxg7 33.Ne3 Kh8 34.Qh4 Rf8 35.Ng4 Qg7 36.e5 Rxf4
37.exd6 Nf5 38.Qg5 Rd4 39.d7 Rf8 40.Ne5 Kg8 41.Bc6 Ne7 42.Bf3 Nf5 43.Bc6 Ne7
44.Ba4 Nf5 45.c4 bxc3 46.Rxc3 Bb7+ 47.Kg1 Rd5 48.Rc5 h6 49.Qc1 Qf6 50.Rxd5 Bxd5
51.Qf4 Qd8 52.Rc1 Nh4 53.Qxf8+ Kxf8 54.Rc8 Ke7 55.Rxd8 Kxd8 56.Nf7+  1-0

[Event "15th Sants Open 2013"]
[Site "Barcelona ESP"]
[Date "2013.09.01"]
[Round "10.18"]
[White "Alsina Leal,D"]
[Black "Colon Garcia,E"]
[Result "1-0"]
[WhiteElo "2538"]
[BlackElo "2380"]

1.e4 c5 2.Nf3 e6 3.d4 cxd4 4.Nxd4 Nc6 5.Nc3 Qc7 6.Be2 a6 7.O-O Nf6 8.Be3 Bb4
9.Nxc6 bxc6 10.Qd4 c5 11.Qc4 Bb7 12.a3 d5 13.exd5 exd5 14.Qf4 Qxf4 15.Bxf4 Bxc3
16.bxc3 O-O 17.c4 d4 18.f3 Rfd8 19.Bd3 Nh5 20.Bd2 g6 21.Rfe1 Ng7 22.Re7 Bc6
23.Re5 Ne6 24.f4 Rab8 25.g4 Bf3 26.Kf2 Ba8 27.f5 Nf8 28.Rxc5 Nd7 29.Ra5 Re8
30.Bf4 Rb2 31.Re1 Rxe1 32.Kxe1 Rb1+ 33.Ke2 Bb7 34.c5 Rg1 35.Bg3 Nf6 36.c6 Bxc6
37.Rxa6 Rg2+ 38.Kf1 Rxc2 39.Bxc2 Bb5+ 40.Ke1 Bxa6 41.g5 Nd5 42.fxg6 hxg6
43.Kd2 Ne3 44.Bd3 Nf1+ 45.Ke2 Nxg3+ 46.hxg3 Bb7 47.a4 Kg7 48.a5 f6 49.a6 Ba8
50.Kf2 fxg5 51.Bf1  1-0

[Event "15th Sants Open 2013"]
[Site "Barcelona ESP"]
[Date "2013.09.01"]
[Round "10.2"]
[White "Firat,B"]
[Black "Iturrizaga,E"]
[Result "1-0"]
[WhiteElo "2416"]
[BlackElo "2660"]

1.e4 c5 2.Nf3 e6 3.d4 cxd4 4.Nxd4 Nc6 5.Nc3 Qc7 6.g3 a6 7.Bg2 Nf6 8.O-O h5
9.Nf3 Ng4 10.Bf4 d6 11.Qe2 Be7 12.Rad1 Nge5 13.Nd4 g5 14.Nxc6 bxc6 15.Bxe5 dxe5
16.Na4 a5 17.Rfe1 Ba6 18.Qe3 Bb5 19.Nc3 Rb8 20.b3 Bb4 21.Bf1 Qe7 22.Bxb5 cxb5
23.Qd3 O-O 24.a3 Rfd8 25.Qf3 Bxa3 26.Qxh5 Bb4 27.Rxd8+ Rxd8 28.Re3 Rd2 29.Nxb5 Rxc2
30.Rf3 Rc5 31.Na7 Bd2 32.Rd3 Be1 33.Re3 Bc3 34.Nb5 Bb4 35.Na7 Rc7 36.Nb5 Rb7
37.Nc3 Bc5 38.Rf3 Rxb3 39.Kg2 Ra3 40.h4 Bb4 41.hxg5 Bxc3 42.Rf6 Bd2 43.Rh6 Bxg5
44.Rh8+ Kg7 45.Qh7+ Kf6 46.Rg8 Qb4 47.Re8 Rxg3+ 48.Kxg3  1-0

[Event "17th Cesenatico Open"]
[Site "Cesenatico ITA"]
[Date "2013.09.01"]
[Round "2.4"]
[White "Mrdja,M"]
[Black "Distaso,Antonio"]
[Result "1-0"]
[WhiteElo "2377"]
[BlackElo "2119"]

1.e4 c5 2.Nf3 e6 3.d4 cxd4 4.Nxd4 Nc6 5.Nc3 Qc7 6.g3 a6 7.Bg2 d6 8.O-O Bd7
9.Re1 Be7 10.a4 Nf6 11.h3 O-O 12.g4 h6 13.Nde2 Rac8 14.f4 b5 15.Ng3 b4 16.Nce2 Nh7
17.Kh2 Rfd8 18.b3 Bh4 19.Be3 e5 20.Rf1 exf4 21.Bxf4 Ne5 22.Rc1 Bc6 23.Nf5 Bg5
24.Kh1 g6 25.Ne3 Qb7 26.Nd5 Bxd5 27.exd5 Re8 28.Nd4 Bxf4 29.Rxf4 Qe7 30.Nc6 Nxc6
31.dxc6 a5 32.Qd5 Qc7 33.Rcf1 Re7 34.h4 Rf8 35.Qc4 Kg7 36.Bd5 f6 37.R4f2 Re5
38.Bg2 Rfe8 39.Qa6 R8e7 40.Rd2 Qc8  1-0

[Event "TCh-ROU 2013"]
[Site "Mamaia ROU"]
[Date "2013.09.01"]
[Round "2.2"]
[White "Dicu,R"]
[Black "Nisipeanu,LD"]
[Result "0-1"]
[WhiteElo "2228"]
[BlackElo "2665"]

1.e4 c5 2.Nf3 e6 3.d4 cxd4 4.Nxd4 Nc6 5.Nc3 Qc7 6.Be3 Nf6 7.a3 a6 8.Be2 Be7
9.f4 d6 10.Bf3 O-O 11.Qe2 Nxd4 12.Bxd4 e5 13.Be3 Be6 14.f5 Bc4 15.Qf2 d5
16.exd5 e4 17.Nxe4 Nxe4 18.Bxe4 Qe5 19.O-O-O Qxe4 20.Rd4 Qe5 21.Rxc4 Qxd5
22.Rg4 Bf6 23.c3 h5 24.Rb4 Rfd8 25.Bd4 a5 26.Ra4 Bg5+ 27.Be3 Qc5 28.Re4 Re8  0-1

[Event "67th Moscow Blitz 2013"]
[Site "Moscow RUS"]
[Date "2013.09.01"]
[Round "5"]
[White "Savchenko,B"]
[Black "Dubov,Danii"]
[Result "1-0"]
[WhiteElo "2602"]
[BlackElo "2624"]

1.e4 c5 2.Nf3 e6 3.d4 cxd4 4.Nxd4 Nc6 5.Nc3 a6 6.a3 Qc7 7.Be3 b5 8.Be2 Bb7
9.O-O Nf6 10.f4 d6 11.Bf3 Be7 12.f5 Nxd4 13.Qxd4 O-O 14.fxe6 fxe6 15.Rad1 Nd7
16.Bg4 Nc5 17.b4 e5 18.Nd5 Rxf1+ 19.Rxf1 Qd8 20.Qd1 Nxe4 21.Bb6 Qe8 22.Nc7 Qc6
23.Nxa8 Bxa8 24.Be3 Nf6 25.Bf3 d5 26.Qd2 h6 27.Bf2 Qe6 28.Bh4 Bc6 29.Rd1 g5
30.Bf2 Bd6 31.g3 Kg7 32.Bb6 Kg6 33.Re1 Bb8 34.Bc5 d4 35.Bxc6 Qxc6 36.Qg2 Qxg2+
37.Kxg2 Kf5 38.Rf1+ Ke6 39.Kf3 e4+ 40.Ke2 Be5 41.Rd1 Kd5 42.Bxd4 Bxd4 43.c3 Kc4
44.Rxd4+ Kxc3 45.Rd6 Ng4 46.h3 Ne5 47.Rxa6 h5 48.Ra5 Nc6 49.Ra6 Nd4+ 50.Ke3 Nf5+
51.Kxe4 Nxg3+ 52.Ke5 g4 53.h4 Nf1 54.Kf4 Nd2 55.a4 Kxb4 56.axb5 Kxb5 57.Rh6 Nf1
58.Rxh5+ Kc6 59.Kxg4 Kd6 60.Ra5 Ke6 61.Kg5 Kf7 62.Ra7+ Kg8 63.Kg6 Kf8  1-0

[Event "67th Moscow Blitz 2013"]
[Site "Moscow RUS"]
[Date "2013.09.01"]
[Round "5"]
[White "Popov,Iv RUS"]
[Black "Reshetnikov,Al"]
[Result "1-0"]
[WhiteElo "2656"]
[BlackElo "2497"]

1.e4 c5 2.Nf3 e6 3.d4 cxd4 4.Nxd4 Nc6 5.Nc3 Qc7 6.Ndb5 Qb8 7.Be3 a6 8.Bb6 axb5
9.Nxb5 Bb4+ 10.c3 Ba5 11.Nc7+ Qxc7 12.Bxc7 Bxc7 13.Qg4 g6 14.Bb5 Nge7 15.Qe2 d5
16.O-O O-O 17.Rfd1 dxe4 18.Qxe4 e5 19.a4 Bf5 20.Qe2 Rfd8 21.Rxd8+ Bxd8 22.Bd3 Be6
23.Bc4 Nd5 24.Qd2 Nce7 25.Bxd5 Bxd5 26.b4 Bc7 27.Qe2 Nf5 28.a5 e4 29.c4 Be6
30.Qxe4 Nd6 31.Qf4 Bxc4 32.Rc1 Re8 33.f3 b5 34.Rd1 Re6 35.a6 Bb6+ 36.Kh1 Nf5
37.Qb8+ Kg7 38.a7 Bxa7 39.Qxa7 Re2 40.Qc7 h5 41.Qf4 h4 42.g4 hxg3 43.hxg3 Rc2
44.Qe5+ Kh7 45.Rd8 Rc1+ 46.Kg2 Rc2+ 47.Kh3 Bf1+ 48.Kg4  1-0

[Event "67th Moscow Blitz 2013"]
[Site "Moscow RUS"]
[Date "2013.09.01"]
[Round "11"]
[White "Popov,Iv RUS"]
[Black "Dubov,Danii"]
[Result "1/2-1/2"]
[WhiteElo "2656"]
[BlackElo "2624"]

1.e4 c5 2.Nf3 e6 3.d4 cxd4 4.Nxd4 Nc6 5.Nc3 a6 6.Be3 Nf6 7.Qd2 Bb4 8.f3 d5
9.a3 Qa5 10.Nb3 Bxc3 11.bxc3 Qc7 12.Bd3 dxe4 13.Bxe4 O-O 14.O-O Nxe4 15.fxe4 e5
16.Bc5 Re8 17.Bd6 Qd8 18.Nc5 Be6 19.Rad1 Bc4 20.Rf2 b6 21.Nb3 Ra7 22.Bb4 a5
23.Qxd8 Rxd8 24.Rxd8+ Nxd8 25.Bd6 Rd7 26.Nd2 Rxd6 27.Nxc4 Rc6 28.Nxe5 Rxc3
29.Rd2 Ne6 30.Rd6  1/2-1/2

[Event "67th Moscow Blitz 2013"]
[Site "Moscow RUS"]
[Date "2013.09.01"]
[Round "11"]
[White "Eliseev,U"]
[Black "Reshetnikov,Al"]
[Result "1-0"]
[WhiteElo "2550"]
[BlackElo "2497"]

1.e4 c5 2.Nf3 Nc6 3.Nc3 e6 4.d4 cxd4 5.Nxd4 Qc7 6.Be3 a6 7.Qd2 Nf6 8.O-O-O Bb4
9.f3 O-O 10.g4 b5 11.g5 Ne8 12.Kb1 Bb7 13.h4 Rc8 14.a3 Be7 15.h5 b4 16.axb4 Bxb4
17.g6 fxg6 18.hxg6 hxg6 19.Nxc6 Qxc6 20.Bd4 Rxf3 21.Bd3 Qd6 22.Qg2 Qxd4 23.Be2 Qf6
24.Qxf3 Bxc3 25.bxc3 Rxc3 26.Qxf6 Nxf6 27.Bd3 g5 28.Rhg1 g4 29.e5 Nd5 30.Kb2 Rc8
31.Rde1 Rb8 32.Kc1 a5 33.Rxg4 Rf8 34.Reg1 Rf7 35.Bg6 Rf2 36.Be4 Rf7 37.Bg6 Rf2
38.Bh5 Ne7 39.Rxg7+ Kf8 40.Rh7 Ng8 41.Rh8 Bg2 42.Bd1 Kg7 43.Rh4 Nh6 44.Rh2 Kf7
45.Rhxg2 Rf4 46.Bh5+ Ke7 47.Rg6 Nf5 48.Rg8 Re4 49.Re8+  1-0

[Event "67th Moscow Blitz 2013"]
[Site "Moscow RUS"]
[Date "2013.09.01"]
[Round "15"]
[White "Malakhov,V"]
[Black "Grischuk,A"]
[Result "0-1"]
[WhiteElo "2707"]
[BlackElo "2785"]

1.Nf3 c5 2.e4 e6 3.d4 cxd4 4.Nxd4 Nc6 5.Nc3 Qc7 6.g3 a6 7.Bg2 h5 8.O-O h4
9.Re1 hxg3 10.hxg3 d6 11.Nxc6 bxc6 12.Be3 Nf6 13.Na4 Rb8 14.c4 c5 15.b3 Be7
16.Qe2 Bb7 17.Nc3 Nd7 18.Rad1 Rd8 19.Bc1 Ne5 20.Bb2 Nc6 21.Nb1 Bf6 22.Bxf6 gxf6
23.Nc3 Nd4 24.Qd3 e5 25.Nd5 Bxd5 26.exd5 a5 27.a3 Kf8 28.Qc3 Rb8 29.Rb1 Kg7
30.Rb2 Qd7 31.Qxa5 Ra8 32.Qc3 Rxa3 33.Qe3 Qf5 34.Reb1 Rb8 35.Be4 Qh3 36.Bg2 Qh5
37.Qd3 Rb4 38.Qe3 Ra8 39.Qd3 Rab8 40.Qe3 Qg5 41.Qd3 Qg6 42.Be4 f5 43.Bg2 f4
44.Qxg6+ Kxg6 45.gxf4 exf4 46.Be4+ Kf6 47.Bc2 f3 48.Kh2 Re8 49.Bd3 Rg8 50.Rg1 Rxg1
51.Kxg1 Rxb3 52.Rxb3 Nxb3 53.Kh2 Ke5 54.Kg3 Nd2  0-1

[Event "Petersburg Summer Rapid 2013"]
[Site "St Petersburg RUS"]
[Date "2013.09.01"]
[Round "11.10"]
[White "Alekseenko,K"]
[Black "Panarin,M"]
[Result "1-0"]
[WhiteElo "2435"]
[BlackElo "2555"]

1.e4 c5 2.Nf3 e6 3.d4 cxd4 4.Nxd4 Nc6 5.Nc3 Qc7 6.Be2 a6 7.O-O Nf6 8.Be3 Be7
9.f4 d6 10.a4 O-O 11.Bf3 Rb8 12.Kh1 Bd7 13.Nb3 b6 14.Qe1 Na5 15.Rd1 Nc4 16.Bc1 b5
17.axb5 axb5 18.Na2 e5 19.Nb4 Rbd8 20.f5 Bc8 21.g4 h6 22.g5 hxg5 23.Bxg5 Bb7
24.Qh4 d5 25.Rg1 Rd6 26.Rg3 Rfd8 27.Nxd5 Nxd5 28.exd5 Bxg5 29.Qxg5 f6 30.Qg6 Rxd5
31.Bxd5+ Kf8 32.Rh3 Rxd5 33.Rh8+ Ke7 34.Qe8+ Kd6 35.Qe6+  1-0

[Event "TCh-SRB 1st League 2013"]
[Site "Kragujevac SRB"]
[Date "2013.09.02"]
[Round "10.5"]
[White "Brenjo,S"]
[Black "Ivanisevic,I"]
[Result "0-1"]
[WhiteElo "2493"]
[BlackElo "2649"]

1.e4 c5 2.Nf3 e6 3.d4 cxd4 4.Nxd4 Nc6 5.Nc3 Qc7 6.Be2 Nf6 7.Ndb5 Qb8 8.f4 d6
9.Be3 Be7 10.Qd2 a6 11.Nd4 Bd7 12.Bf3 O-O 13.O-O Rc8 14.Rae1 b5 15.Nxc6 Bxc6
16.Bd4 b4 17.Nd5 exd5 18.exd5 Bb5 19.Rxe7 Bxf1 20.f5 Re8 21.Rxe8+ Qxe8 22.Kxf1 Rc8
23.Kg1 Rxc2 24.Qxb4 h5 25.h3 Rc1+ 26.Kh2 Ne4 27.Qa5 Ng5 28.Bxh5 Qe4  0-1

[Event "78th ch-ESP 2013"]
[Site "Linares ESP"]
[Date "2013.09.02"]
[Round "5.26"]
[White "Hernandez Estevez,Y"]
[Black "Ruiz Casado,F"]
[Result "1-0"]
[WhiteElo "2230"]
[BlackElo "2029"]

1.e4 c5 2.Nf3 e6 3.d4 cxd4 4.Nxd4 Nc6 5.Nc3 d6 6.Be2 a6 7.O-O Be7 8.Be3 Nf6
9.Kh1 Qc7 10.f4 Bd7 11.Qe1 Nxd4 12.Bxd4 e5 13.fxe5 dxe5 14.Qg3 Bc6 15.Bxe5 Qb6
16.Rad1 Nd7 17.Rxf7 Qd8  1-0

[Event "TCh-ROU w 2013"]
[Site "Mamaia ROU"]
[Date "2013.09.02"]
[Round "3.4"]
[White "Firaru,R"]
[Black "Morea,G"]
[Result "0-1"]
[WhiteElo "1684"]
[BlackElo "1881"]

1.e4 c5 2.Nf3 e6 3.d4 cxd4 4.Nxd4 Nc6 5.Nc3 Qc7 6.Be3 a6 7.Be2 Nf6 8.O-O Bb4
9.f3 Bxc3 10.bxc3 O-O 11.Bg5 d6 12.Bxf6 gxf6 13.Qd2 Kg7 14.f4 Rg8 15.Kh1 Bd7
16.Rad1 Rad8 17.Rf3 Kf8 18.f5 e5 19.Nb3 Bc8 20.Rh3 Rh8 21.Bh5 Ke7 22.Rg3 Rdg8
23.Rxg8 Rxg8 24.Qh6 Qd8 25.Nd2 b5 26.Nf1 Qf8 27.Qxf8+ Rxf8 28.Ne3 Bb7 29.Nd5+ Kd7
30.Nxf6+ Kc7 31.Nxh7 Rh8 32.Nf6 Nd8 33.Bf3 Rh6 34.Nd5+ Kd7 35.g4 f6 36.Kg2 Nf7
37.Kg3 Ng5 38.Bg2 Bxd5 39.exd5 Kc7 40.h4 Nf7 41.Bf1 Rh8 42.c4 b4 43.c5 dxc5
44.Bxa6 Kd6 45.Bc4 Rg8 46.Kf3 Nh6 47.Rg1 Nxf5 48.Bd3 Nxh4+ 49.Kg3 Ng6 50.Be4 Nf4
51.Rh1 Ne2+ 52.Kf2 Nc3 53.Bf3 e4 54.Be2 Nxe2 55.Kxe2 Rxg4  0-1

[Event "21st Honor to National Resistance"]
[Site "Nikaia GRE"]
[Date "2013.09.02"]
[Round "9.16"]
[White "Grigoriadis,M"]
[Black "Kondopoulos,D"]
[Result "1-0"]
[WhiteElo "1903"]
[BlackElo "2064"]

1.e4 c5 2.Nf3 e6 3.d4 cxd4 4.Nxd4 Nc6 5.Nc3 Qc7 6.Nb3 a6 7.Bd3 Bd6 8.Qg4 Kf8
9.f4 Nf6 10.Qf3 Bb4 11.Bd2 b5 12.a4 bxa4 13.Rxa4 Bb7 14.O-O h5 15.h3 a5 16.Qf2 Bxc3
17.Bxc3 d5 18.e5 Ne4 19.Bxe4 dxe4 20.f5 e3 21.Qxe3 exf5 22.Rxf5 Ne7 23.Rf2 Nd5
24.Qg3 Nxc3 25.bxc3 Rh6 26.Raf4 Bd5 27.Nd4 Kg8 28.c4 Rg6 29.Qd3 Bb7 30.Nb5 Qxe5
31.Qd7 Be4 32.Qxf7+ Kh7 33.Nc7 Ra7 34.Qe8 Qa1+ 35.Kh2 Bxg2 36.Rxg2 Rxg2+
37.Kxg2 Rxc7 38.Qxh5+ Kg8 39.Qe8+  1-0

[Event "21st Honor to National Resistance"]
[Site "Nikaia GRE"]
[Date "2013.09.02"]
[Round "9.1"]
[White "Kotronias,V"]
[Black "Kapnisis,S"]
[Result "1-0"]
[WhiteElo "2579"]
[BlackElo "2463"]

1.e4 c5 2.Nf3 e6 3.d4 cxd4 4.Nxd4 Nc6 5.Nc3 Qc7 6.Be3 a6 7.Qd2 Nf6 8.O-O-O Bb4
9.f3 O-O 10.a3 Be7 11.g4 b5 12.g5 Nh5 13.Nxc6 dxc6 14.f4 Rb8 15.Qf2 b4 16.axb4 Bxb4
17.Na2 Be7 18.Bc4 g6 19.Rhf1 f6 20.gxf6 Bxf6 21.c3 Kh8 22.Bc5 Be7 23.Qd4+ e5
24.fxe5 Bg4 25.e6+ Ng7 26.Rxf8+ Rxf8 27.Bd6 Qb7 28.Rd2 Re8 29.Rf2 Bxe6 30.Bxe6 Bxd6
31.Rf7 Be5 32.Qc5 Bf4+ 33.Rxf4 Nxe6 34.Qe5+ Qg7 35.Rf6 Nc7 36.Qd6 c5 37.e5 Qe7
38.Qxe7 Rxe7 39.Rc6 Nd5 40.Rxc5 Rxe5 41.c4 Nf4 42.Rxe5 Nd3+ 43.Kc2 Nxe5 44.c5 a5
45.Kb3 Kg7 46.Ka4 Kf7 47.Kxa5 Nc4+ 48.Ka6 Nxb2 49.c6 Nc4 50.c7 Nd6 51.Nc3 Ke6
52.Ka7 Nc8+ 53.Kb7 Ne7 54.Nb5 Kd5 55.Na7 Nf5 56.Kc8 Nd6+ 57.Kd7 Nc4 58.Ke7 Nb6
59.Kf6 Kd6 60.c8=Q Nxc8 61.Nxc8+ Kd5 62.Ne7+ Ke4 63.Nxg6 Kf3 64.Ne5+ Kf4
65.h4 h5 66.Ng6+ Kg4 67.Ke5  1-0

[Event "12th Kesarovski Mem"]
[Site "Sunny Beach BUL"]
[Date "2013.09.02"]
[Round "3.6"]
[White "Tilicheev,V"]
[Black "Zhou,Y"]
[Result "0-1"]
[WhiteElo "2415"]
[BlackElo "2481"]

1.e4 c5 2.Nf3 e6 3.d4 cxd4 4.Nxd4 Nc6 5.Nc3 Qc7 6.f4 a6 7.Be3 b5 8.Bd3 Bb7
9.Nb3 d6 10.O-O Nf6 11.a4 b4 12.Nb1 g6 13.N1d2 Bg7 14.Qf3 O-O 15.Qh3 h5 16.a5 Ng4
17.Bb6 Qd7 18.Rad1 Bxb2 19.Nc4 Bc3 20.e5 d5 21.Nd6 Ncxe5 22.fxe5 Bxe5 23.Nxf7 Rxf7
24.Bxg6 Rg7 25.Qxh5 Bxh2+ 26.Kh1 Ne5 27.Bd3 d4 28.Rf2 Qd5 29.Bxd4 Nxd3 30.Qxd5 Nxf2+
31.Bxf2 Bxd5 32.Rxd5 exd5 33.Kxh2 Rg4 34.Nd4 Rxd4  0-1

[Event "78th ch-ESP 2013"]
[Site "Linares ESP"]
[Date "2013.09.03"]
[Round "6.10"]
[White "Almagro Llamas,P"]
[Black "Suarez Garcia,C"]
[Result "1/2-1/2"]
[WhiteElo "2474"]
[BlackElo "2321"]

1.e4 c5 2.Nf3 e6 3.d4 cxd4 4.Nxd4 Nc6 5.Nc3 Qc7 6.Be2 a6 7.Be3 Nf6 8.O-O Bb4
9.Nxc6 bxc6 10.Qd4 c5 11.Qc4 Bb7 12.a3 Bxc3 13.Qxc3 Bxe4 14.f3 Bg6 15.Qxc5 Qxc5
16.Bxc5 Bxc2 17.Rfc1 Ba4 18.Bd6 Bc6 19.b4 Kd8 20.a4 Ne8 21.Bg3 Ke7 22.b5 axb5
23.axb5 Rxa1 24.Rxa1 Bd5 25.Ra6 f5 26.Be5 Nf6 27.Bd6+ Kf7 28.b6 Rc8 29.Bc7 Ne8
30.Ra7 Ke7 31.Ba6 Ra8 32.Rxa8 Bxa8 33.Be5 Nd6 34.Bxg7 Bb7 35.Bxb7 Nxb7 36.g4 fxg4
37.fxg4 Kd6 38.h4 Kc5 39.h5 Kxb6 40.Bf8 Nd8 41.g5 e5 42.g6  1/2-1/2

[Event "TCh-ROU w 2013"]
[Site "Mamaia ROU"]
[Date "2013.09.03"]
[Round "4.3"]
[White "Voicu,C"]
[Black "Anusca,M"]
[Result "1-0"]
[WhiteElo "2296"]
[BlackElo "2042"]

1.e4 c5 2.Nf3 e6 3.d4 cxd4 4.Nxd4 Nc6 5.Nc3 Qc7 6.Be3 a6 7.Bd3 Nf6 8.O-O Nxd4
9.Bxd4 Bc5 10.Bxc5 Qxc5 11.Kh1 O-O 12.Qe1 d6 13.f3 b5 14.Qh4 Bb7 15.Rae1 Rac8
16.a3 Rfd8 17.Re2 Qh5 18.Qg3 Ne8 19.f4 e5 20.Ref2 Rc7 21.fxe5 Qxe5 22.Qh4 Rdc8
23.Rf5 Qd4 24.Qh3 Rd8 25.Qf3 Rdd7 26.Nd5 Bxd5 27.exd5 Qxb2 28.Qe4 Rd8 29.c4 bxc4
30.R5f2 Qxf2 31.Qxh7+ Kf8 32.Rxf2 cxd3 33.Qxd3 Nf6 34.h3 a5 35.Qa6 Rc5 36.Qb6 Rcc8
37.Qxa5 Re8 38.Kh2 Rc5 39.Qa7 Rxd5 40.g4 Rde5 41.a4 R5e7 42.Qb6 Ne4 43.Rc2 Re6
44.a5 Ng5 45.a6 Nf3+ 46.Kg3 Ne1 47.Rc3 Re2 48.Qxd6+ Kg8 49.a7 g5 50.h4 Rg2+
51.Kh3 gxh4 52.Qb8  1-0

[Event "TCh-ROU w 2013"]
[Site "Mamaia ROU"]
[Date "2013.09.05"]
[Round "6.1"]
[White "Papp,Petra"]
[Black "Peptan,C"]
[Result "1/2-1/2"]
[WhiteElo "2276"]
[BlackElo "2434"]

1.e4 c5 2.Nf3 e6 3.d4 cxd4 4.Nxd4 Nc6 5.Nc3 Qc7 6.Be2 a6 7.O-O Nf6 8.Be3 Bb4
9.Na4 Be7 10.Nxc6 bxc6 11.Nb6 Rb8 12.Nxc8 Qxc8 13.Bd4 Qc7 14.e5 Nd5 15.c4 Nf4
16.Bf3 O-O 17.c5 f6 18.Re1 Ng6 19.exf6 Bxf6 20.Be4 Nf4 21.b3 a5 22.Bxf6 Rxf6
23.Qd2 Rbf8 24.Rad1 Nd5 25.Re2 Rh6 26.g3 Rh5 27.Bg2 Qa7 28.Qd4 Rb8 29.Bf3 Rf5
30.Be4 Rb4 31.Qd3 Rh5 32.Qf3 Nf6 33.Bxc6 dxc6 34.Qxc6 Rb8 35.Qxe6+ Qf7 36.Qd6 Re8
37.Rde1 Rxe2 38.Rxe2 Rd5 39.Qb8+ Qf8 40.Qxf8+ Kxf8 41.Rc2 Ke7 42.a3 Rd3 43.c6 Kd8
44.Rc5 Rd5 45.Rc4 Rb5 46.b4 a4 47.g4 Kc7 48.h4 Re5 49.f3 Nd5 50.b5 Nb6 51.Rf4 Re7
52.Kf2 Kd6 53.Rf8 Kd5 54.Rf5+ Kc4 55.h5 Nd5 56.g5 g6 57.hxg6 hxg6  1/2-1/2

[Event "ch-CYP 2013"]
[Site "Nikosia/Larnaca/Limassol CYP"]
[Date "2013.09.07"]
[Round "1"]
[White "Boulos,Vrahimis"]
[Black "Evangelides,Kypros"]
[Result "1-0"]
[WhiteElo "2084"]
[BlackElo "1771"]

1.e4 c5 2.Nf3 Nc6 3.d4 cxd4 4.Nxd4 e6 5.Nc3 a6 6.Be3 Bb4 7.Qd2 Nge7 8.O-O-O O-O
9.a3 Ba5 10.Nb3 Bc7 11.f4 b5 12.Bc5 Ng6 13.g3 Re8 14.e5 Na5 15.h4 Bb7 16.Rh2 Nxb3+
17.cxb3 Bc6 18.Bg2 a5 19.Bxc6 dxc6 20.Qg2 Qb8 21.h5 Ne7 22.h6 g6 23.Ne4 Nd5
24.Rxd5 cxd5 25.Nf6+ Kh8 26.Nxe8 Qxe8 27.Kb1 Rc8 28.Bd4 Bd8 29.g4 Qc6 30.Rh1 Bb6
31.Qd2 Bxd4 32.Qxd4 Qc2+ 33.Ka2 Qg2 34.Rg1 Qh3 35.Qa7 Kg8 36.Rc1 Rf8 37.g5 Qf3
38.Qd4 Ra8 39.Qc5 Rf8 40.Qd4 Rd8 41.Rc3 Qe4 42.Qxe4 dxe4 43.b4 axb4 44.axb4 Kf8
45.Kb3 Ke7 46.Kc2 Rd7 47.b3 Kd8 48.Re3 Rd4 49.Kc3 Rd5 50.Rxe4 Kc7 51.Re1 Kc6
52.Ra1 Rd8 53.Kc2 Kb7 54.Ra5 Rd5 55.Kc3 Kb8 56.Ra6 Kb7 57.Rd6 Rxd6 58.exd6 Kc6
59.d7 Kxd7 60.Kd4 Kd6 61.Ke4 Kd7 62.Ke5 Ke7 63.Kd4 f6 64.gxf6+ Kxf6 65.Kc5 g5
66.fxg5+ Kxg5 67.Kxb5 e5 68.Kc4 e4 69.b5 Kf4 70.b6 e3 71.b7 e2 72.b8=Q+  1-0

[Event "Chepukaitis Mem Blitz Prelim 2013"]
[Site "St Petersburg RUS"]
[Date "2013.09.07"]
[Round "3.4"]
[White "Yemelin,V"]
[Black "Martynov,P2"]
[Result "1-0"]
[WhiteElo "2559"]
[BlackElo "2303"]

1.e4 c5 2.Nf3 e6 3.d4 cxd4 4.Nxd4 Nc6 5.Nc3 Qc7 6.f4 a6 7.Be3 Nxd4 8.Qxd4 b5
9.O-O-O Bb7 10.Bd3 Rc8 11.Kb1 f6 12.a4 b4 13.Na2 a5 14.Nc1 Nh6 15.Nb3 Ng4
16.Bg1 e5 17.Qb6 exf4 18.Nxa5 Ne3 19.Bxe3 fxe3 20.Qxb7 e2 21.Rc1 Qc5 22.Nb3 Qc7
23.Qxc7 Rxc7 24.Bxe2 Bd6 25.Rcd1 Be5 26.Bb5 Ke7 27.Rd2 Rhc8 28.Rhd1 d6 29.g3 g5
30.Nd4 h5 31.Nf5+ Ke6 32.Nxd6 Bxd6 33.Rxd6+ Kf7 34.Rd7+ Kg6 35.Rxc7 Rxc7
36.a5 h4 37.gxh4 gxh4 38.a6 Kg5 39.Rd7  1-0

[Event "Chepukaitis Mem Blitz Final 2013"]
[Site "St Petersburg RUS"]
[Date "2013.09.07"]
[Round "5.3"]
[White "Alekseev,Evgeny"]
[Black "Yemelin,V"]
[Result "1-0"]
[WhiteElo "2710"]
[BlackElo "2559"]

1.e4 c5 2.Nf3 e6 3.d4 cxd4 4.Nxd4 Nc6 5.Nc3 Qc7 6.g3 a6 7.Bg2 Nf6 8.O-O Be7
9.Nb3 O-O 10.f4 b5 11.a3 d6 12.g4 Nd7 13.g5 a5 14.Rf3 Ba6 15.Rh3 g6 16.Be3 b4
17.Ne2 a4 18.Nbd4 bxa3 19.bxa3 Nxd4 20.Nxd4 Nc5 21.Qg4 Bb7 22.f5 exf5 23.exf5 Bxg2
24.Kxg2 Rfe8 25.Rf1 Bf8 26.Qh4 h5 27.gxh6 Kh7 28.fxg6+ fxg6 29.Rhf3 Ra7 30.Rxf8 Rxe3
31.Qf6 Qc6+ 32.Nxc6  1-0

[Event "ch-CYP 2013"]
[Site "Nikosia/Larnaca/Limassol CYP"]
[Date "2013.09.08"]
[Round "2"]
[White "Klerides,P"]
[Black "Savva,P"]
[Result "1/2-1/2"]
[WhiteElo "2171"]
[BlackElo "2033"]

1.e4 c5 2.Nf3 e6 3.d4 cxd4 4.Nxd4 Nc6 5.Nc3 Qc7 6.g3 a6 7.Bg2 d6 8.O-O Be7
9.Re1 Bd7 10.Nxc6 Bxc6 11.Qg4 h5 12.Qe2 h4 13.a4 hxg3 14.hxg3 Nf6 15.a5 Kf8
16.Be3 Rc8 17.Bb6 Qb8 18.Rad1 Nd7 19.Bd4 e5 20.Be3 Qc7 21.Ra1 Nf6 22.Red1 Qd7
23.Bg5 Nh7 24.Bxe7+ Qxe7 25.Nd5 Bxd5 26.Rxd5 Nf6 27.Rd2 Qe6 28.Rad1 Rc6 29.b3 Ke7
30.c4 Rd8 31.f4 Rc5 32.b4 Rcc8 33.Rc2 Qg4 34.Qxg4 Nxg4 35.Rc3 Nf6 36.Kf2 Rc7
37.Bf3 Rh8 38.Rh1 Rhc8 39.Rhc1 Rh8 40.c5 dxc5 41.Rxc5 Rxc5 42.Rxc5 Rh2+ 43.Kg1 Rb2
44.Rc7+ Ke6 45.Rxb7 Rb3 46.Kg2 Rb2+ 47.Kh3 Rf2 48.Rb6+ Ke7 49.Bg2 exf4 50.gxf4 Nh5
51.Rxa6 Rb2 52.Bf3 Nxf4+ 53.Kg3 Nd3 54.Ra7+ Kd6 55.Rxf7 Ne5 56.Rf8 Rxb4 57.a6 Ra4
58.Be2 Nc6 59.Kf4 Nb4 60.Rf7 Nxa6 61.Bxa6 Rxa6 62.Rxg7 Ra5 63.Rb7 Ke6 64.Rb6+ Ke7
65.Rh6 Rb5 66.Ra6 Rc5 67.Ke3 Rb5 68.Kd3 Rc5 69.Ra7+ Ke6 70.Kd4 Rb5 71.Ra8 Rb4+
72.Ke3 Rc4 73.Ra5 Rb4 74.Kf4 Rc4 75.Re5+ Kf6 76.Rf5+ Ke6 77.Rh5 Ra4 78.Rh6+ Ke7
79.Kf5 Rb4 80.Rh7+ Ke8 81.e5 Rb6 82.Ra7 Rc6 83.Ke4 Rh6 84.Kd5 Rg6  1/2-1/2

[Event "Satka Autumn 2013"]
[Site "Satka RUS"]
[Date "2013.09.08"]
[Round "6"]
[White "Azimova,K"]
[Black "Tarasova,Viktoriy"]
[Result "1-0"]
[WhiteElo "2052"]
[BlackElo "2294"]

1.e4 c5 2.Nc3 e6 3.Nf3 Nc6 4.d4 cxd4 5.Nxd4 Qc7 6.Be2 a6 7.O-O Nf6 8.Be3 Be7
9.Kh1 d6 10.f4 O-O 11.Bf3 Na5 12.g4 Rb8 13.g5 Nd7 14.Bg4 b5 15.Nxe6 fxe6
16.Bxe6+ Kh8 17.Qh5 Nf6 18.gxf6 Bxf6 19.Nd5 Qxc2 20.Nxf6 gxf6 21.Bd5 Qc7
22.Bd4 Bb7 23.Rg1 Qe7 24.Qf5 Rf7 25.Rac1 Rbf8 26.Rc7 Qxc7 27.Bxf6+  1-0